| Registos Bibliográficos associados ao registo de autoridade |
|
Etiqueta de registo: 00000nkm 2200025 450 001 2276822 003 http://id.bnportugal.gov.pt/bib/catbnp/2276822 100 ## $a20260305d1984 m y0pory01030103ba 101 0# $apor 102 ## $aPT 200 1# $aMês Cultural em Santo Isidoro, Mafra, de 16-3-84 a 15-4-84$bVisual gráfico]$fAcção Católica Rural et. al. 210 #9 $a[S.l.]$cAcção Católica Rural,$d1984$eMafra :$gGráfica Gutenberg) 215 ## $a1 cartaz$ccolor.$d49,8x34,5 cm 317 ## $aColeção Madeira Luís 710 02 $aAcção Católica Rural$3249 711 02 $aCooperativa Agrícola dos Produtores de Leite do Concelho de Mafra$3226052 711 01 $aIsicoop Cooperativa de Construção Civil Crl$31989432 711 01 $aGrupo Desportivo e Cultural da Lagoa$31989434 711 01 $aGrupo Desportivo e Cultural de Monte Bom$31989435 711 01 $aGrupo Desportivo e Cultural de Santo Isidoro$31989436 801 #0 $aPT$bBN$gRPC 966 ## $lBN$mICONOG$sCT. 24142 A.$x3 971 ## $cCatmusica8$d20260305 995 ## $aPRR2026
|
|
|